| 000 | 02982ncm0a22003971 4500 | ||
|---|---|---|---|
| 001 | RU\NLR\ONIZ\224132 | ||
| 005 | 20250626133421.0 | ||
| 013 | _a979-0-9003207-4-2 | ||
| 021 |
_aRU _b18-7 _918-НО-П-1 |
||
| 035 | _aRU\NLR\ONIZ\natafirs\5000002843\20180924141810 | ||
| 035 | _a(NLR Aleph) 011806965 | ||
| 090 |
_a11897494 _c11897494 |
||
| 100 | _a20180924d2017 |||y0rusy50 ca | ||
| 101 | 0 | _arus | |
| 102 | _aRU | ||
| 125 | _aay | ||
| 128 | _accn | ||
| 145 | 0 | _ac | |
| 200 | 1 |
_a"Через призму поэзии..." _bНоты _eсб. песен [для голоса с фп.] _fН. Р. Гарнье |
|
| 210 |
_aНовосибирск _cНГОНБ _d2017 |
||
| 215 |
_a64 с. _cцв. ил., фото _d29 см |
||
| 300 | _aС. 23 и 42 чистые | ||
| 313 | _aСистематизация документа проведена по изданию - Методика классифицирования музыкальных произведений (нотных изданий) по таблицам Библиотечно-библиографических классификаций : метод. рекомендации / Гос. б-ка СССР им. В.И. Ленина.- М., 1977. Индексу ББК методических рекомендаций присваивается код ББК для научных библиотек - LBC/SL | ||
| 327 | 1 | _a1. Бородино / сл. М. Ю. Лермонтова ; 2. Песня о России / сл. Е. Хоренко, Н. Гарнье ; 3. Мой край - Сибирь / сл. Н. Гарнье ; 4. Возвращение в Новосибирск / сл. Е. Хоренко и Н. Гарнье ; 5. Человек на планете людей : песня о волонтёрах / сл. Н. Гарнье ; 6. Спутник Земли / сл. Д. Сухарева ; 7. Уходят люди / сл. Е. Евтушенко ; 8. Молитва матери / сл. Н. Гарнье ; 9. О весна / сл. А. Блока ; 10. Имя твоё / сл. М. Цветаевой ; 11. Круг времени / сл. Н. Греховой ; 12. Пока не устала душа / сл. Н. Греховой ; 13. Наваждение / сл. Е. Хоренко ; 14. Цена вопроса : куплеты / сл. Н. Гарнье ; 15. Музыка повсюду / сл. И. Серебряковой | |
| 606 | 1 |
_aВокальная музыка русская _yРоссия _z20-21вв. _2nlr_sh |
|
| 686 |
_aЩ943.4-42-043.3(2Р=Рус)я44 _vLBC/SL _2rubbk |
||
| 700 | 1 |
_9z02790 _aГарнье _bН. Р. _f1947- _gНонна Ренальдовна _4230 _4520 _7ca |
|
| 790 | 1 |
_9z02700 _aGarnier _bN. R. _f1947- _gNonna Renaldovna _4230 _4520 _7ba |
|
| 801 | 0 |
_aRU _bNLR _c20180924 _gPSBO |
|
| 801 | 1 |
_aRU _bNLR _c20180924 _2rusmarc |
|
| 801 | 2 |
_aRU _bNLR _c20180924 |
|
| 852 |
_aNLR _bМ _jК-3/29474 _pМОЭ 2018-НО-П-1/7 _t1 |
||
| 942 | _cSCORE | ||
| 980 | _aNB | ||
| 980 | _aONIZ | ||